=LDR 00000nam 2200000 4500 =001 INLIS000000000037478 =005 20130612143216 =008 ***********************************Ind** =035 ##$$0010-061300000037478 =041 ##$$a Ind =082 ##$$a 641.8 =090 ##$$a 641.8, Erw a =100 ##$$a Erwin, Lilly T =245 ##$$a Aroma rasa kuliner Indonesia, Bubur manis san kolak, Lilly T Erwin;Editor, Intarina Hardiman =260 ##$$a [sa] $b Jakarta =300 ##$$a 56 hlm, Ilus, 21 cm =650 ##$$a Bubur - Resep =700 ##$$a Hardiman, Intarina =850 ##$$a NBPNMAT